The running mind
| Main Author: | |
|---|---|
| Format: | Book |
| Published: |
California :
World Publications ,
c1978
|
| Subjects: |
MARC
| LEADER | 00000cam a2200000 7i4500 | ||
|---|---|---|---|
| 001 | 0000000295 | ||
| 005 | 20050422.0 | ||
| 020 | |a 089037144x | ||
| 040 | |a INS | ||
| 090 | 0 | 0 | |a GV1061 |b L55 1978 |
| 100 | 1 | |a Liliefors, Jim | |
| 245 | 1 | 4 | |a The running mind |c Jim Liliefors |
| 260 | |a California : |b World Publications , |c c1978 | ||
| 300 | |a xii, 140p. : |b ill ; |c 22 cm. | ||
| 500 | |a Includes bibliography | ||
| 650 | 0 | 0 | |a Running |x Psychological aspects |
| 999 | |a 0000002138 |b BOOK |c Open Shelf |e Default branch | ||